[Event "DVM U12 2012"]
[Site "Verden/Aller GER"]
[Date "2012.12.28"]
[Round "4"]
[White "Engel, Luis"]
[Black "Rieß, Alexander"]
[Result "1/2-1/2"]
[Termination "normal"]
[Board "1.3"]
[WhiteElo "1732"]
[BlackElo "1510"]
[WhiteTeam "Hamburger SK von 1830"]
[BlackTeam "Lübecker SV von 1873"]
[WhiteFideId "12961523"]
[BlackFideId "12953326"]
[EventCountry "GER"]
[EventRounds "7"]
[EventType "team-swiss"]
[EventDate "2012.12.26"]

1. e4 c5 2. Nf3 e6 3. b3 Nc6 4. Bb2 d5 5. exd5 exd5 6. d4 Nf6 7. Bd3 Be7 8. O-O
O-O 9. dxc5 Bxc5 10. h3 h6 11. Nc3 Be6 12. Ne2 Ne4 13. Ned4 Re8 14. Qe2 Bd7 15.
Qd1 Qb6 16. c3 Rad8 17. Qc2 Rc8 18. Qd1 Nxd4 19. cxd4 Bb4 20. Ne5 Be6 21. Bxe4
dxe4 22. d5 Red8 23. Bd4 Bc5 24. Nc4 Qc7 25. Be5 Qe7 26. d6 Qd7 27. Rc1 Bxc4
28. Rxc4 Bxd6 29. Rd4 Rc6 30. Qe2 Qe7 31. Rxe4 Re8 32. Re1 Bxe5 33. Rxe5 Qxe5
34. Qxe5 Rxe5 35. Rxe5 Kf8 36. Re2 Rd6 37. f3 f6 38. Kf2 Kf7 39. g4 b6 40. Kg3
g5 41. h4 Rd3 42. hxg5 hxg5 43. Rc2 Rd7 44. Re2 Re7 45. Rc2 Rd7 46. Kf2 Re7 47.
Rc6 Re6 48. Rc4 Re7 49. f4 gxf4 50. Rxf4 Re5 51. Kf3 Kg6 52. Ra4 Re7 53. Kf4 a5
54. b4 axb4 55. Rxb4 Re6 56. a3 Rd6 57. a4 1/2-1/2

[Event "DVM U12 2012"]
[Site "Verden/Aller GER"]
[Date "2012.12.28"]
[Round "4"]
[White "Tiedemann, Fin Niklas"]
[Black "Meyling, Lennart"]
[Result "1-0"]
[Termination "normal"]
[Board "1.4"]
[WhiteElo "1471"]
[BlackElo "1555"]
[WhiteTeam "Lübecker SV von 1873"]
[BlackTeam "Hamburger SK von 1830"]
[WhiteFideId "12936936"]
[BlackFideId "12947130"]
[EventCountry "GER"]
[EventRounds "7"]
[EventType "team-swiss"]
[EventDate "2012.12.26"]

1. e4 c5 2. Nf3 d6 3. Bb5+ Bd7 4. Bxd7+ Qxd7 5. O-O Nc6 6. c3 e6 7. d4 cxd4 8.
cxd4 d5 9. exd5 exd5 10. Re1+ Nge7 11. Nc3 g6 12. Qb3 Rd8 13. Bf4 Bg7 14. Rad1
O-O 15. Nb5 Nf5 16. Ne5 Nxe5 17. Bxe5 a6 18. Bxg7 Kxg7 19. Na3 b5 20. Nc2 Qa7
21. Qd3 Nd6 22. b3 Ne8 23. Nb4 Qb7 24. Re3 Nf6 25. Rh3 Rfe8 26. Re3 a5 27. Nc2
b4 28. Rxe8 Rxe8 29. f3 Rc8 30. Ne3 Rc3 31. Qd2 Qc6 32. Re1 Nh5 33. Kf1 Nf4 34.
Nf5+ gxf5 35. Qxf4 Qf6 36. Qg3+ Qg6 37. Qe5+ Kh6 38. Qf4+ Kh5 39. g4+ fxg4 40.
Re5+ Kh4 41. Qg3# 1-0

[Event "DVM U12 2012"]
[Site "Verden/Aller GER"]
[Date "2012.12.28"]
[Round "4"]
[White "Balazs, Balint"]
[Black "Burg, Niclas"]
[Result "1-0"]
[Termination "normal"]
[Board "2.1"]
[WhiteElo "1832"]
[BlackElo "1688"]
[WhiteTeam "Hagener SV"]
[BlackTeam "SV Worms 1878"]
[WhiteFideId "12922757"]
[BlackFideId "1271968"]
[EventCountry "GER"]
[EventRounds "7"]
[EventType "team-swiss"]
[EventDate "2012.12.26"]

1. e4 c5 2. Nf3 Nc6 3. d4 cxd4 4. Nxd4 Nf6 5. Nc3 e5 6. Ndb5 d6 7. Bg5 a6 8.
Bxf6 gxf6 9. Na3 b5 10. Nd5 f5 11. g3 Be6 12. Bg2 Bg7 13. exf5 Bxf5 14. Nf6+
Kf8 15. Bxc6 Rc8 16. Bd7 Bxd7 17. Qxd6+ Qe7 18. Nxd7+ Ke8 19. Qxe7+ Kxe7 20.
Nb6 Rc6 21. Nd5+ Ke6 22. Ne3 f5 23. c3 f4 24. Ng2 fxg3 25. hxg3 e4 26. Nf4+ Kf5
27. Rh5+ Kg4 28. Ke2 Bf6 29. Nc2 1-0

[Event "DVM U12 2012"]
[Site "Verden/Aller GER"]
[Date "2012.12.28"]
[Round "4"]
[White "Guckes, Fabian"]
[Black "Hoppe, Andreas"]
[Result "0-1"]
[Termination "normal"]
[Board "2.2"]
[WhiteElo "1321"]
[BlackElo "1751"]
[WhiteTeam "SV Worms 1878"]
[BlackTeam "Hagener SV"]
[WhiteFideId "1271995"]
[BlackFideId "12922811"]
[EventCountry "GER"]
[EventRounds "7"]
[EventType "team-swiss"]
[EventDate "2012.12.26"]

1. e4 e6 2. d4 d5 3. e5 c5 4. c3 Qb6 5. Nf3 Bd7 6. Be2 Bb5 7. c4 Bxc4 8. Bxc4
dxc4 9. d5 Ne7 10. d6 Nec6 11. O-O Nd7 12. Re1 g6 13. Qc2 Bg7 14. Bf4 Qb4 15.
Qc3 O-O 16. Qxb4 Nxb4 17. Re2 b5 18. Nc3 Nd5 19. Bg5 Nxc3 20. bxc3 b4 21. Rb1
Rfb8 22. cxb4 cxb4 23. Re4 h6 24. Bf4 g5 25. Bg3 c3 26. Rexb4 c2 27. Rxb8+ Rxb8
28. Rc1 Rb1 29. Rxb1 cxb1=Q+ 0-1

[Event "DVM U12 2012"]
[Site "Verden/Aller GER"]
[Date "2012.12.28"]
[Round "4"]
[White "Teichmann, Felix"]
[Black "Dürr, Florian"]
[Result "0-1"]
[Termination "normal"]
[Board "3.1"]
[WhiteElo "1830"]
[BlackElo "1880"]
[WhiteTeam "Schachgemeinschaft Leipzig"]
[BlackTeam "SC Erlangen 48/88"]
[WhiteFideId "12927538"]
[BlackFideId "24659134"]
[EventCountry "GER"]
[EventRounds "7"]
[EventType "team-swiss"]
[EventDate "2012.12.26"]

1. d4 Nf6 2. Nf3 g6 3. c3 Bg7 4. Nbd2 d5 5. e3 O-O 6. Bd3 c5 7. O-O Nc6 8. Re1
Nd7 9. h3 e5 10. dxe5 Ndxe5 11. Bc2 b6 12. e4 d4 13. cxd4 Nxf3+ 14. Nxf3 Nxd4
15. Nxd4 Bxd4 16. e5 Bb7 17. Bb3 Re8 18. e6 fxe6 19. Rxe6 Rxe6 20. Bxe6+ Kg7
21. Qe2 Qf6 22. Bc4 Bc6 23. Rb1 Qf5 24. Bd3 Qd5 25. Qe7+ Kg8 26. Bf1 Qf5 27.
Be3 Re8 28. Bc4+ Kh8 29. Bxd4+ cxd4 30. Qd6 Qxb1+ 31. Kh2 Qf5 32. Qxc6 Qe5+ 33.
g3 Kg7 34. Qd7+ Re7 35. Qd8 Re8 36. Qd7+ Re7 37. Qd8 Qf6 38. Qg8+ Kh6 39. g4
Qxf2+ 0-1

[Event "DVM U12 2012"]
[Site "Verden/Aller GER"]
[Date "2012.12.28"]
[Round "4"]
[White "Tong, Kevin"]
[Black "Halas, Julia"]
[Result "1-0"]
[Termination "normal"]
[Board "3.2"]
[WhiteElo "1637"]
[BlackElo "1556"]
[WhiteTeam "SC Erlangen 48/88"]
[BlackTeam "Schachgemeinschaft Leipzig"]
[WhiteFideId "12913944"]
[BlackFideId "12931810"]
[EventCountry "GER"]
[EventRounds "7"]
[EventType "team-swiss"]
[EventDate "2012.12.26"]

1. e4 e6 2. d4 d5 3. Nc3 Nf6 4. Bg5 Be7 5. e5 Nfd7 6. h4 Nc6 7. Nf3 f6 8. Bf4
O-O 9. Bg3 Bb4 10. Be2 Ne7 11. O-O Nf5 12. Bf4 fxe5 13. Bg5 Be7 14. dxe5 Nxh4
15. Bxh4 Bxh4 16. Nb5 Be7 17. c4 Nb6 18. cxd5 Nxd5 19. Qc2 c6 20. Nbd4 Qe8 21.
a3 Qh5 22. Rac1 a6 23. Nb3 Nf4 24. Rfe1 Nxe2+ 25. Qxe2 Bd7 26. Red1 Be8 27.
Nbd4 Bf7 28. Qc4 Qg6 29. Nb3 Rad8 30. Na5 Rxd1+ 31. Rxd1 Rb8 32. b4 Be8 33. Nd4
Bd7 34. Nf3 Be8 35. Nb3 Rd8 36. Rxd8 Bxd8 37. Nc5 b5 38. Qxe6+ Qxe6 39. Nxe6
Bb6 40. Nfd4 Bxd4 41. Nxd4 Kf7 42. f4 g6 43. Kf2 h6 44. Ke3 Bd7 45. Nb3 g5 46.
g3 gxf4+ 47. gxf4 h5 48. Nc5 Bc8 49. Ke4 h4 50. f5 h3 51. e6+ Kf6 52. Kf3 h2
53. Kg2 Bxe6 54. fxe6 h1=Q+ 55. Kxh1 Ke7 56. Kg2 1-0

[Event "DVM U12 2012"]
[Site "Verden/Aller GER"]
[Date "2012.12.28"]
[Round "4"]
[White "Oltmanns, Jannik"]
[Black "Wegmann, Simon"]
[Result "0-1"]
[Termination "normal"]
[Board "3.3"]
[WhiteElo "1426"]
[BlackElo "1709"]
[WhiteTeam "Schachgemeinschaft Leipzig"]
[BlackTeam "SC Erlangen 48/88"]
[BlackFideId "1270758"]
[EventCountry "GER"]
[EventRounds "7"]
[EventType "team-swiss"]
[EventDate "2012.12.26"]

1. d4 d5 2. c4 e6 3. Nc3 Nf6 4. Nf3 Nbd7 5. e3 Be7 6. Bd3 c6 7. O-O O-O 8. Qc2
dxc4 9. Bxc4 Nb6 10. Bd3 Nbd5 11. a3 b6 12. Rd1 Bb7 13. e4 Nxc3 14. bxc3 h6 15.
Bf4 Qc8 16. Rdc1 Rd8 17. a4 c5 18. Qe2 Qd7 19. Ra2 Rac8 20. Bb5 Bc6 21. Ne5
Bxb5 22. axb5 Qc7 23. Rac2 Nd7 24. Qg4 Nf6 25. Qf3 Bd6 26. Bg3 Bxe5 27. Bxe5
Qe7 28. Ra1 cxd4 29. Rac1 dxc3 30. Bxc3 Qd7 31. h3 Qxb5 32. Qg3 Nh5 33. Qf3 Nf6
34. g4 Qg5 35. e5 Ne8 36. Kh2 Qg6 37. h4 Qd3 38. Qb7 Qd7 39. Qa6 Rc5 40. Ra1
Qc7 41. Rac1 Rd7 42. Qa4 Rc4 43. Qb5 Rxg4 44. Kh3 Qc4 45. Qxc4 Rxc4 46. Bb2
Rxc2 47. Rxc2 Nc7 48. Ba3 Nb5 49. Bb4 a5 50. Be1 Rd3+ 51. Kg2 Nd4 52. Rc1 Kh7
0-1

[Event "DVM U12 2012"]
[Site "Verden/Aller GER"]
[Date "2012.12.28"]
[Round "4"]
[White "Grüninger, Maxim"]
[Black "Knüpfer, Tim"]
[Result "1-0"]
[Termination "normal"]
[Board "3.4"]
[WhiteElo "1324"]
[BlackElo "1348"]
[WhiteTeam "SC Erlangen 48/88"]
[BlackTeam "Schachgemeinschaft Leipzig"]
[WhiteFideId "12942960"]
[BlackFideId "16217489"]
[EventCountry "GER"]
[EventRounds "7"]
[EventType "team-swiss"]
[EventDate "2012.12.26"]

1. e4 c5 2. Nf3 d6 3. d4 cxd4 4. Nxd4 Nf6 5. Nc3 a6 6. Be2 e5 7. Nb3 Be6 8. Bg5
Be7 9. O-O O-O 10. h3 b5 11. a3 Nbd7 12. Bd3 Nb6 13. Nd2 Rc8 14. Qf3 Nfd7 15.
Bxe7 Qxe7 16. Qg3 Nc5 17. Nf3 h6 18. Nh4 Nxd3 19. cxd3 Nd7 20. Nf5 Bxf5 21.
exf5 Nc5 22. Nd5 Qg5 23. Qxg5 hxg5 24. Ne7+ Kh7 25. Nxc8 Rxc8 26. Rac1 Re8 27.
Rfd1 Re7 28. Rc2 g6 29. fxg6+ Kxg6 30. d4 exd4 31. Rxd4 Re6 32. Rg4 f5 33. Rd4
f4 34. b4 Ne4 35. Rc6 Kf5 36. Rxa6 Kg6 37. f3 Ng3 38. Rdxd6 Rxd6 39. Rxd6+ Kf5
40. Rh6 Ne2+ 41. Kf2 Nc3 42. Rc6 Na4 43. Ke2 Ke5 44. Kd2 Kd4 45. Rg6 Kc4 46.
Kc2 Kd4 47. Rxg5 Ke3 48. h4 Nb6 49. h5 Nd7 50. h6 Nf8 51. Rxb5 Kf2 52. Rf5 1-0

[Event "DVM U12 2012"]
[Site "Verden/Aller GER"]
[Date "2012.12.28"]
[Round "4"]
[White "Savchenko, Daniel"]
[Black "Biastoch, Bennet"]
[Result "1-0"]
[Termination "normal"]
[Board "4.1"]
[WhiteElo "1650"]
[BlackElo "1549"]
[WhiteTeam "Schachfreunde Gerresheim 86"]
[BlackTeam "SG Aufbau Elbe Magdeburg"]
[WhiteFideId "12919195"]
[BlackFideId "12939889"]
[EventCountry "GER"]
[EventRounds "7"]
[EventType "team-swiss"]
[EventDate "2012.12.26"]

1. e4 c5 2. Nf3 d6 3. d4 cxd4 4. Nxd4 Nf6 5. Nc3 a6 6. f4 e6 7. Qf3 Be7 8. Be3
Nbd7 9. O-O-O Qc7 10. g4 Nc5 11. g5 Nfd7 12. h4 b5 13. a3 Bb7 14. h5 Rc8 15.
Rh2 Na4 16. Nxa4 bxa4 17. Kb1 Nc5 18. Bd3 Rb8 19. Rdh1 Qb6 20. Bc1 Kd7 21. Rg1
Bc6 22. f5 Qc7 23. Nxc6 Qxc6 24. f6 gxf6 25. gxf6 Bf8 26. h6 Nb7 27. Qe2 Qb6
28. Qf1 Nc5 29. Rg4 Ra8 30. Qg2 Rb8 31. Rg8 Nxd3 32. cxd3 Rxg8 33. Qxg8 Ke8 34.
Rc2 a5 35. Qxh7 Qa6 36. Rc7 1-0

[Event "DVM U12 2012"]
[Site "Verden/Aller GER"]
[Date "2012.12.28"]
[Round "4"]
[White "Roseneck, Jonas"]
[Black "Oezdemir, Edwin-Daniel"]
[Result "1-0"]
[Termination "normal"]
[Board "4.2"]
[WhiteElo "1710"]
[BlackElo "1243"]
[WhiteTeam "SG Aufbau Elbe Magdeburg"]
[BlackTeam "Schachfreunde Gerresheim 86"]
[WhiteFideId "12939870"]
[BlackFideId "12919055"]
[EventCountry "GER"]
[EventRounds "7"]
[EventType "team-swiss"]
[EventDate "2012.12.26"]

1. e4 e5 2. Nf3 Nf6 3. Nxe5 d6 4. Nf3 Nxe4 5. Nc3 d5 6. Bd3 Nf6 7. O-O Be7 8.
b3 O-O 9. Bb2 Bg4 10. Re1 Nc6 11. Na4 Bd6 12. Be2 Re8 13. Nd4 Bxe2 14. Rxe2 Ne5
15. Nf5 Nfg4 16. Nxd6 Qxd6 17. f4 Ng6 18. Rxe8+ Rxe8 19. Qxg4 Qxf4 20. Qd7 Ra8
21. Rf1 Qh6 22. Qxf7+ Kh8 23. Re1 Rg8 24. Re8 Ne7 25. Qxe7 Qd6 1-0

[Event "DVM U12 2012"]
[Site "Verden/Aller GER"]
[Date "2012.12.28"]
[Round "4"]
[White "Zhuk, Margarita"]
[Black "Niemann, Alexander"]
[Result "1-0"]
[Termination "normal"]
[Board "4.3"]
[WhiteElo "1240"]
[BlackElo "1645"]
[WhiteTeam "Schachfreunde Gerresheim 86"]
[BlackTeam "SG Aufbau Elbe Magdeburg"]
[BlackFideId "12939862"]
[EventCountry "GER"]
[EventRounds "7"]
[EventType "team-swiss"]
[EventDate "2012.12.26"]

1. e4 c5 2. d4 cxd4 3. c3 dxc3 4. Nxc3 Nc6 5. Bc4 g6 6. Nf3 Bg7 7. O-O e6 8.
Bf4 Nge7 9. Nb5 O-O 10. Bc7 Bxb2 11. Rb1 Bg7 12. Bxd8 Rxd8 13. Nd6 Na5 14. Qa4
Nec6 15. Bb5 Rb8 16. Rfd1 a6 17. Bxc6 Nxc6 18. Nxc8 Rdxc8 19. Rxd7 Na7 20. h3
Nb5 21. Ng5 Nc3 22. Qb3 Nxb1 23. Qxb1 Bh6 24. f4 b5 25. Qb3 Rc6 26. Nxf7 Bxf4
27. Nd8 Rc4 28. Qf3 e5 29. Ne6 Rc1+ 30. Kf2 Rc2+ 31. Ke1 Rbc8 32. Nxf4 exf4 33.
Qxf4 Rf8 34. Qh6 1-0

[Event "DVM U12 2012"]
[Site "Verden/Aller GER"]
[Date "2012.12.28"]
[Round "4"]
[White "Wagner, Tobias"]
[Black "Rodzin, Konstantin"]
[Result "1-0"]
[Termination "normal"]
[Board "4.4"]
[WhiteElo "1345"]
[BlackElo "999"]
[WhiteTeam "SG Aufbau Elbe Magdeburg"]
[BlackTeam "Schachfreunde Gerresheim 86"]
[WhiteFideId "12943452"]
[EventCountry "GER"]
[EventRounds "7"]
[EventType "team-swiss"]
[EventDate "2012.12.26"]

1. e4 e5 2. Nf3 Nf6 3. Nxe5 d6 4. Nf3 Nxe4 5. Nc3 Nf6 6. d4 Be7 7. Bd3 Nc6 8.
O-O O-O 9. Re1 Re8 10. Bg5 Bd7 11. Ne2 Bg4 12. Ng3 Nxd4 13. Bxh7+ Nxh7 14. Qxd4
Bxf3 15. Bxe7 Rxe7 16. gxf3 Ng5 17. Kg2 Qd7 18. Qg4 Qxg4 19. fxg4 Rae8 20. Rxe7
Rxe7 21. f4 Ne6 22. Rf1 Nd4 23. c3 Nc6 24. b4 a6 25. Kf3 f6 26. Nf5 Re8 27. Ne3
Ne7 28. f5 c6 29. Rf2 d5 30. Re2 Kf7 31. Ng2 g6 32. fxg6+ Nxg6 33. Rxe8 Kxe8
34. Nf4 Ne5+ 35. Kg3 Kf7 36. h3 b6 37. h4 Nc4 38. g5 fxg5 39. hxg5 Ne5 40. Kh4
Ng6+ 41. Kg4 Nxf4 42. Kxf4 Kg6 43. Kg4 Kf7 44. Kf5 c5 45. Ke5 cxb4 46. cxb4 a5
47. b5 Kg6 48. Kxd5 Kxg5 49. Kc6 Kf6 50. Kxb6 Ke7 51. Kxa5 1-0

[Event "DVM U12 2012"]
[Site "Verden/Aller GER"]
[Date "2012.12.28"]
[Round "4"]
[White "Joeres, Stefan"]
[Black "Rätzke von Stoyentin, Steffen"]
[Result "1-0"]
[Termination "normal"]
[Board "5.1"]
[WhiteElo "1321"]
[BlackElo "1754"]
[WhiteTeam "Karlsruher SF 1853"]
[BlackTeam "SC Aurich"]
[WhiteFideId "12983160"]
[BlackFideId "12907502"]
[EventCountry "GER"]
[EventRounds "7"]
[EventType "team-swiss"]
[EventDate "2012.12.26"]

1. e4 e5 2. Nf3 Nc6 3. d4 exd4 4. Bc4 Bc5 5. c3 Nf6 6. cxd4 Bb4+ 7. Nc3 Nxe4 8.
O-O Bxc3 9. d5 Ne5 10. Bd3 Nxd3 11. Qxd3 Nd6 12. bxc3 O-O 13. Bg5 f6 14. Bf4 b6
15. Rfe1 a5 16. Bxd6 cxd6 17. a4 Ba6 18. Qd2 Qc7 19. Re7 Rf7 20. Rxf7 Kxf7 21.
Qd4 Rc8 22. Rc1 Qc5 23. h3 Qxd4 24. Nxd4 Bc4 25. Nf5 Rc5 26. Nxd6+ Kg6 27. Nxc4
Rxc4 28. Rb1 Rxa4 29. Rxb6 Rc4 30. Rd6 Rc7 31. Ra6 Rxc3 32. Rxa5 Rc7 33. f3 Kf5
34. d6+ 1-0

[Event "DVM U12 2012"]
[Site "Verden/Aller GER"]
[Date "2012.12.28"]
[Round "4"]
[White "Neumann, Tiemon"]
[Black "Koll, Lukas"]
[Result "0-1"]
[Termination "normal"]
[Board "5.2"]
[WhiteElo "1729"]
[BlackElo "1340"]
[WhiteTeam "SC Aurich"]
[BlackTeam "Karlsruher SF 1853"]
[WhiteFideId "12925462"]
[BlackFideId "12969737"]
[EventCountry "GER"]
[EventRounds "7"]
[EventType "team-swiss"]
[EventDate "2012.12.26"]

1. e4 e5 2. Nf3 Nc6 3. Nc3 Bc5 4. Nxe5 Nxe5 5. d4 Bd6 6. dxe5 Bxe5 7. Bd2 d6 8.
Bc4 Nf6 9. h3 h6 10. Qf3 Be6 11. Bxe6 fxe6 12. Bf4 Bxf4 13. Qxf4 e5 14. Qf5 Qd7
15. Qg6+ Qf7 16. Qxf7+ Kxf7 17. f3 a6 18. O-O-O Rad8 19. g3 Rhf8 20. f4 exf4
21. gxf4 Kg8 22. e5 dxe5 23. fxe5 Nd7 24. e6 Nf6 25. e7 Rxd1+ 26. Rxd1 Re8 27.
Rd8 Kf7 28. Nd5 Nxd5 29. Rxd5 Rxe7 30. Kd2 Ke6 31. Rd3 Rd7 32. Rxd7 Kxd7 33.
Ke3 Ke7 34. Kf3 Kf6 35. Kf4 g5+ 36. Kg4 Kg6 37. b3 h5+ 38. Kg3 Kf5 39. Kf3 g4+
40. hxg4+ hxg4+ 41. Kg3 Kg5 42. b4 b5 43. a3 c6 44. c3 Kh5 45. Kf4 0-1

[Event "DVM U12 2012"]
[Site "Verden/Aller GER"]
[Date "2012.12.28"]
[Round "4"]
[White "Chernykh, Arkady"]
[Black "Wessels, Julian"]
[Result "0-1"]
[Termination "normal"]
[Board "5.3"]
[WhiteElo "1192"]
[BlackElo "1299"]
[WhiteTeam "Karlsruher SF 1853"]
[BlackTeam "SC Aurich"]
[WhiteFideId "12989436"]
[BlackFideId "12930520"]
[EventCountry "GER"]
[EventRounds "7"]
[EventType "team-swiss"]
[EventDate "2012.12.26"]

1. e4 e5 2. Nf3 Nf6 3. Nc3 Nc6 4. Bc4 Bb4 5. a3 Bc5 6. O-O d6 7. d3 Bg4 8. Be3
Nd4 9. Bxd4 Bxd4 10. Na4 a6 11. c3 Ba7 12. Re1 b5 13. Bd5 Nxd5 14. exd5 O-O 15.
h3 Bxf3 16. Qxf3 {Notation unvollständig} 0-1

[Event "DVM U12 2012"]
[Site "Verden/Aller GER"]
[Date "2012.12.28"]
[Round "4"]
[White "Ufkes, Thilo"]
[Black "Koll, Linus"]
[Result "1-0"]
[Termination "normal"]
[Board "5.4"]
[WhiteElo "895"]
[BlackElo "1197"]
[WhiteTeam "SC Aurich"]
[BlackTeam "Karlsruher SF 1853"]
[WhiteFideId "12928755"]
[BlackFideId "12990299"]
[EventCountry "GER"]
[EventRounds "7"]
[EventType "team-swiss"]
[EventDate "2012.12.26"]

1. e4 e5 2. Nf3 Nc6 3. Bc4 Bc5 4. c3 Nf6 5. d4 exd4 6. e5 Qe7 7. Qe2 Ng4 8. Bf4
dxc3 9. O-O cxb2 10. Qxb2 Nxf2 11. Rxf2 Bxf2+ 12. Qxf2 d6 13. exd6 cxd6 14. Nc3
Kd7 15. Re1 Qd8 16. Nb5 Re8 17. Nxd6 Rxe1+ 18. Qxe1 Qb6+ 19. Kh1 Qd8 20. Qd1
Ke7 21. Qe1+ Kf8 22. Nxf7 Qe8 23. Bd6+ Kg8 24. Qxe8# 1-0

[Event "DVM U12 2012"]
[Site "Verden/Aller GER"]
[Date "2012.12.28"]
[Round "4"]
[White "Kölz, Niklas"]
[Black "Enache, Rares"]
[Result "0-1"]
[Termination "normal"]
[Board "6.1"]
[WhiteElo "1606"]
[BlackElo "1463"]
[WhiteTeam "Märkischer Springer Halver-Schalksmühle"]
[BlackTeam "TuS Coswig 1920"]
[WhiteFideId "12971758"]
[BlackFideId "12976440"]
[EventCountry "GER"]
[EventRounds "7"]
[EventType "team-swiss"]
[EventDate "2012.12.26"]

1. e4 d5 2. exd5 Qxd5 3. Nc3 Qa5 4. d4 c6 5. Nf3 Bf5 6. Bc4 Nf6 7. Bd2 Qc7 8.
O-O e6 9. Re1 Be7 10. h3 O-O 11. Ne5 Nbd7 12. Bf4 Bd6 13. Qd2 Rad8 14. Qe2 Rfe8
15. Bg5 Be7 16. h4 h6 17. Bf4 Bd6 18. Rad1 Nd5 19. Bc1 Bb4 20. Bd2 Nxe5 21.
dxe5 Bxc2 22. Rc1 Bxc3 23. bxc3 Bh7 24. Qg4 Bf5 25. Qg3 Kh8 26. Qf3 Qe7 27. g4
Qxh4 28. gxf5 Qxc4 29. Qh3 Nf4 30. Bxf4 Qxf4 31. f6 gxf6 32. exf6 Qxf6 33. Re3
Rg8+ 34. Kf1 Qg5 35. Qh1 Rd3 36. Rce1 Rxe3 37. Rxe3 Rd8 38. Re1 Qb5+ 39. Kg2
Rg8+ 40. Kf3 Kh7 41. Ke3 Qc5+ 42. Ke2 Qc4+ 43. Kd2 Rd8+ 44. Kc2 Qxa2+ 45. Kc1
Rd2 46. Qe4+ f5 47. Qb1 Qxb1+ 48. Kxb1 Rxf2 49. Rxe6 Rg2 50. Rf6 Rg5 51. Rf7+
Kg6 52. Rd7 f4 53. Kc2 f3 54. Kb1 0-1

[Event "DVM U12 2012"]
[Site "Verden/Aller GER"]
[Date "2012.12.28"]
[Round "4"]
[White "Kunath, Tim"]
[Black "Sailer, Tom"]
[Result "1/2-1/2"]
[Termination "normal"]
[Board "6.2"]
[WhiteElo "1387"]
[BlackElo "883"]
[WhiteTeam "TuS Coswig 1920"]
[BlackTeam "Märkischer Springer Halver-Schalksmühle"]
[WhiteFideId "12985074"]
[BlackFideId "16200675"]
[EventCountry "GER"]
[EventRounds "7"]
[EventType "team-swiss"]
[EventDate "2012.12.26"]

1. e4 e6 2. d4 d5 3. exd5 exd5 4. Qf3 Bd6 5. Bd3 c6 6. Ne2 Qf6 7. Qxf6 Nxf6 8.
Bf4 Bxf4 9. Nxf4 O-O 10. O-O Re8 11. Nd2 Na6 12. c3 b5 13. Rfe1 Bb7 14. Nb3
Rac8 15. Bf5 Rcd8 16. Na5 Ba8 17. Nd3 Ne4 18. f3 Nd6 19. Bh3 Nc4 20. Nxc4 bxc4
21. Nf4 Bb7 22. Kf2 Bc8 23. Rab1 Bxh3 24. Nxh3 Nc7 25. b3 Nb5 1/2-1/2

[Event "DVM U12 2012"]
[Site "Verden/Aller GER"]
[Date "2012.12.28"]
[Round "4"]
[White "Roos, Jonas"]
[Black "Stirner, Christof"]
[Result "1/2-1/2"]
[Termination "normal"]
[Board "7.1"]
[WhiteElo "1510"]
[BlackElo "1451"]
[WhiteTeam "SC Porta Westfalica Holtrup 1950"]
[BlackTeam "SR Spaichingen"]
[WhiteFideId "16200721"]
[BlackFideId "16200837"]
[EventCountry "GER"]
[EventRounds "7"]
[EventType "team-swiss"]
[EventDate "2012.12.26"]

1. e4 d5 2. exd5 Nf6 3. d4 Nxd5 4. c4 Nf6 5. Nf3 Bg4 6. Be3 e6 7. h3 Bh5 8. Nc3
Nbd7 9. Bd3 Bb4 10. O-O O-O 11. a3 Bxc3 12. bxc3 Re8 13. d5 e5 14. Be2 Ne4 15.
Qc2 Nef6 16. Rfd1 b6 17. a4 Bg6 18. Qb2 Qe7 19. Qb4 a5 20. Qxe7 Rxe7 21. d6
cxd6 22. Rxd6 Rb8 23. Nd2 Ne8 24. Rc6 Nef6 25. c5 bxc5 26. Bxc5 Ree8 27. Bb5
Nxc5 28. Rxc5 Re6 29. Nc4 Ne4 30. Rxe5 Rxe5 31. Nxe5 Nxc3 32. Nc6 Rb6 33. Nxa5
Nxb5 34. axb5 Rxb5 35. Nc4 Rb1+ 36. Rxb1 Bxb1 37. Ne3 1/2-1/2

[Event "DVM U12 2012"]
[Site "Verden/Aller GER"]
[Date "2012.12.28"]
[Round "4"]
[White "Molitor, Marwin"]
[Black "Gomolinsky, Phil"]
[Result "0-1"]
[Termination "normal"]
[Board "7.2"]
[WhiteElo "1285"]
[BlackElo "1328"]
[WhiteTeam "SR Spaichingen"]
[BlackTeam "SC Porta Westfalica Holtrup 1950"]
[WhiteFideId "16200853"]
[BlackFideId "16200730"]
[EventCountry "GER"]
[EventRounds "7"]
[EventType "team-swiss"]
[EventDate "2012.12.26"]

1. e4 c5 2. Nf3 Nc6 3. d4 cxd4 4. Nxd4 g6 5. Nc3 Bg7 6. Nf3 Nf6 7. Bc4 O-O 8.
O-O d6 9. Bg5 Bg4 10. Re1 Ne5 11. Bb3 Nxf3+ 12. gxf3 Bh3 13. Qd2 Rc8 14. Bh6
Qa5 15. Rad1 Qh5 16. Qg5 Qxh6 17. Qxh6 Bxh6 18. Nd5 Nxd5 19. Rxd5 Be6 20. Rdd1
Bxb3 21. cxb3 Rc2 22. Rb1 Rfc8 23. Red1 Bg7 24. Kg2 Rxb2 25. Rxb2 Bxb2 26. Rb1
Rc2 27. Rf1 Bd4 28. a4 e5 29. h3 Kf8 30. b4 Ke7 31. b5 Kd7 32. a5 Ra2 33. b6
Rxa5 34. bxa7 Rxa7 35. Rb1 Kc6 36. Rc1+ Bc5 37. Kf1 Ra2 38. Ke1 Rxf2 39. Rxc5+
dxc5 40. Kxf2 c4 41. Ke2 Kc5 42. Kd2 Kd4 43. Kc2 b5 44. Kb2 b4 45. Kc2 Ke3 46.
Kd1 Kxf3 0-1

[Event "DVM U12 2012"]
[Site "Verden/Aller GER"]
[Date "2012.12.28"]
[Round "4"]
[White "Götz, Michael"]
[Black "Zetto, Lukas"]
[Result "1/2-1/2"]
[Termination "normal"]
[Board "7.3"]
[WhiteElo "1353"]
[BlackElo "1204"]
[WhiteTeam "SC Porta Westfalica Holtrup 1950"]
[BlackTeam "SR Spaichingen"]
[WhiteFideId "16200756"]
[BlackFideId "16261747"]
[EventCountry "GER"]
[EventRounds "7"]
[EventType "team-swiss"]
[EventDate "2012.12.26"]

1. e4 e6 2. Nc3 d5 3. Nf3 Bb4 4. e5 c5 5. d4 Nc6 6. a3 cxd4 7. Nxd4 Bxc3+ 8.
bxc3 Bd7 9. Bf4 Qc8 10. Bb5 Nge7 11. O-O O-O 12. Qg4 Ng6 13. Rfe1 Nxf4 14. Qxf4
Nxd4 15. Bxd7 Qxd7 16. Qxd4 Rfc8 17. Re3 Rc4 18. Qd3 Rac8 19. Rh3 g6 20. Qd2 h5
21. Qg5 Kh7 22. Qd2 Qc7 23. Rb1 d4 24. Rb3 b6 25. Qe1 Rc5 26. cxd4 Rxc2 27. Rb1
Rc1 28. Rxc1 Qxc1 29. Qf1 Rc3 30. Rxc3 Qxc3 31. Qd1 Qxa3 32. h3 Qa2 33. Qf3 Kg7
34. Qf6+ 1/2-1/2

[Event "DVM U12 2012"]
[Site "Verden/Aller GER"]
[Date "2012.12.28"]
[Round "4"]
[White "Klein, Sebastian"]
[Black "Liebelt, Jonas"]
[Result "0-1"]
[Termination "normal"]
[Board "7.4"]
[WhiteElo "941"]
[BlackElo "1190"]
[WhiteTeam "SR Spaichingen"]
[BlackTeam "SC Porta Westfalica Holtrup 1950"]
[WhiteFideId "16200845"]
[BlackFideId "16200748"]
[EventCountry "GER"]
[EventRounds "7"]
[EventType "team-swiss"]
[EventDate "2012.12.26"]

1. e4 c5 2. Nc3 Nc6 3. d3 g6 4. g3 Bg7 5. Bg2 Nf6 6. h3 O-O 7. Nf3 d5 8. exd5
Nxd5 9. Nxd5 Qxd5 10. O-O Be6 11. Ng5 Qd7 12. Nxe6 Qxe6 13. c4 Rad8 14. Re1 Qd6
15. Be4 e6 16. Bf4 Qd7 17. Rb1 b6 18. Qa4 Nb4 19. Qxd7 Rxd7 20. Red1 Nxa2 21.
Bc6 Rdd8 22. Bb5 Nb4 23. Bc7 Rxd3 24. Rxd3 Nxd3 25. b3 Ne5 26. Ra1 Ra8 27. Bxb6
Nf3+ 28. Kg2 Bxa1 29. Bxc5 Nd4 30. Bxd4 Bxd4 31. Kf3 Rb8 32. Ba4 f5 33. Ke2 a5
34. f4 e5 35. fxe5 Bxe5 36. g4 f4 37. c5 Rc8 38. c6 Kf7 39. Kf3 Ke7 40. Ke4 Kd6
41. h4 h6 42. Bb5 g5 43. hxg5 hxg5 44. Ba4 Bf6 45. Bb5 Kc7 46. Kf5 Bd8 47. Ba6
Rb8 48. Bb7 Rxb7 49. cxb7 f3 50. Ke4 f2 51. Kf5 0-1